000 00723nam a22002057a 4500
005 20250612153443.0
010 _aENG-145314
020 _a9789350300152
_c1795.00
035 _aEN-128846
037 _bDBAD
082 _a658.8342
100 _aPatel , Vinod N.
_981963
245 _aBrand Management and Consumer Marketing/
_cVinod N. Patel [and Sandeep Sharma
260 _aNew Delhi
_bOxford Book Company
_c2011
270 _a102, 1st floor, Satyam house, 4327/3, Ansari Road daryaganj
_bNew Delhi
_e110002
_k01143001483
_moxfordbook@sify.com
300 _a323p.
_c25cm(Hbk)
_bIndex
500 _aIt includes index
700 _aSharma, Sandeep
_eAuthor
_981964
942 _2ddc
_cEN
_h658.8342
_mPAT
999 _c211776
_d211776